[Event "Braunfels SM 2025"]
[Site "?"]
[Date "2025.02.07"]
[Round "1"]
[Board "7"]
[White "Henzelmann, Daria"]
[Black "Henzelmann, Matthias"]
[Result "1/2-1/2"]
[WhiteElo "1815"]
[BlackElo "1568"]
[PlyCount "58"]
[GameId "523221647850"]
[SourceVersionDate "2025.02.08"]

{[%evp 16,58,31,29,54,54,58,39,26,33,81,38,84,80,81,71,56,43,22,0,17,21,13,15,24,0,135,135,90,516,442,457,323,565,363,333,641,1,1,267,641,1,1,0,583]} 1. Nf3 e6 2. e4 c5 3. d4 cxd4 4. Nxd4 Nf6 5. Nc3 Nc6 6. Be3 Bb4 7. Bd3 O-O 8. O-O Bxc3 9. bxc3 d5 {B45: Sizilianisch (Klassisches System).} 10. Nxc6 bxc6 11. e5 Nd7 $1 {Weiß steht etwas besser.} 12. f4 g6 $146 {[%eval 81,19] Gegen Dh5 gerichtet. Schwarz hat schwache schwarze Felder} (12... Qa5 $14 {[%eval 33,18] sieht stärker aus.}) (12... f5 13. exf6 Nxf6 14. Bc5 Re8 15. Qd2 Qa5 16. Bd4 Ne4 17. Bxe4 dxe4 18. Qe3 Qd5 {1-0 Priansh,D (1754)-Tenguundalai,G (1281) World Cup U12 Prel Tornelo INT rapid 2021 (5)}) 13. Qf3 {[%eval 38,18]} (13. Qe1 $16 {[%eval 81,19]}) 13... Bb7 {[%eval 84,18]} (13... Qa5 $14 {[%eval 38,18]}) 14. Rab1 $16 Qc7 15. h4 {[%cal Bh2h4,Bh4h5][%mdl 32] Weiß hat aktiveres Spiel.} c5 16. h5 c4 {[#]} 17. Bxc4 {[%mdl 64] Ld3 wäre nun fies. Ablenkung} Nb6 18. Bxb6 axb6 19. Bd3 $36 {[%mdl 2048] Weiss hat Initiative. Gegenspiel Schwarz} Rxa2 20. Qg4 (20. Qf2 {vereinfacht} Ba6 21. Qxb6 Qxb6+ 22. Rxb6 Bxd3 23. cxd3 Kg7 24. hxg6 hxg6 25. Rb3) 20... Kg7 {[%eval 135,18]} (20... Ba6 $11 {[%eval 0,16] hält das Gleichgewicht.}) 21. Qg5 f5 {[%eval 90,17]} ({Besser ist} 21... Kg8 {[%eval 135,17]} 22. h6 f6 23. exf6 Qxc3 24. Rxb6 Bc8) 22. exf6+ $2 {[%eval 516,18][%mdl 8192] Weiß greift an} (22. Rf3 $16 {[%eval 90,17]}) 22... Rxf6 $18 {[#]} 23. h6+ $1 Kf7 {[#]} 24. f5 $1 {[%mdl 512]} exf5 {[#]} 25. Bxf5 $1 {[%mdl 512]} Qc5+ 26. Kh2 $2 {[%eval 1,19]} (26. Kh1 $18 {[%eval 641,17][%cal Of5g6]} Rxf5 27. Rxf5+ gxf5 28. Qg7+ {[%mdl 64] Spiess} Ke6 29. Qxb7) 26... Qd6+ $11 (26... Rxf5 $2 27. Rxf5+ gxf5 28. Qxf5+ (28. Qg7+ Ke8 $18) 28... Ke8 29. Re1+ (29. Qxh7 Qxc3 30. Rf1 Qe5+ 31. Kh1 Ra1 $18) 29... Kd8 30. Qxh7 $18) 27. Kg1 $2 {[%eval 267,19][%mdl 8192]} (27. Kh1 $11 {[%eval 1,20]} gxf5 28. Rxf5 (28. Qg7+ Ke8 $15) 28... Rxf5 (28... Rxc2 29. Re1) 29. Qxf5+ Qf6 (29... Kg8 $2 30. Qg5+ Kf7 31. Rf1+ Ke8 32. Qg8+ Kd7 33. Qxh7+ Kc6 34. Qg7 $18) 30. Qxf6+ {[%mdl 64] Verteidiger eliminieren} (30. Qxh7+ Kf8 $14) 30... Kxf6 31. Rxb6+ Kg5 32. Rxb7) 27... Qc5+ $2 {[%eval 641,19]} (27... Rxf5 {[%eval 267,19]} 28. Rxf5+ gxf5) 28. Kh2 $2 {[%eval 1,19]} ({Weiss kommt nicht vorbei an} 28. Kh1 $18 {[%eval 641,19][%cal Of5g6] Beabsichtigt Lxg6+! und Matt.} Rxf5 29. Rxf5+ gxf5 30. Qg7+ Ke6 31. Re1+ (31. Qxb7 Ke5 $18) (31. Qxh7 Qxc3 32. Qg6+ Ke7 $16) 31... Kd6 32. Qe7+ (32. Qxb7 Ra5 $18) (32. Qxh7 Kc6 $18) 32... Kc6 33. Qe8+ (33. Qxh7 Qf2 $11) (33. Re6+ Kb5 $11) 33... Kd6 34. Re6+ Kc7 35. Re7+ {[%mdl 64] Spiess} Qxe7 36. Qxe7+ Kb8 37. Qxh7) 28... Qd6+ (28... Rxf5 $2 29. Rxf5+ gxf5 30. Qxf5+ (30. Qg7+ Ke8 $18) 30... Ke8 31. Re1+ (31. Qxh7 Qxc3 32. Qg8+ Ke7 $16) 31... Kd8 32. Qxh7 $18) 29. Kg1 $2 {[%eval 583,17][%mdl 8192]} (29. Kh1 $11 {[%eval 1,21]} gxf5 30. Rxf5 (30. Qg7+ Ke8 $17) 30... Rxf5 (30... Rxc2 31. Re1) 31. Qxf5+ Qf6 (31... Kg8 $2 32. Qg5+ Kf7 33. Qg7+ {[%csl Of7,Oh7][%mdl 64] Spiess, Doppelangriff} Ke8 34. Re1+ Kd8 35. Qxh7 $18) 32. Qxf6+ {[%mdl 64] Verteidiger eliminieren} (32. Qxh7+ Kf8 $14) 32... Kxf6 33. Rxb6+ Kg5 34. Rxb7) 29... Qc5+ {[%mdl 32768] Gewichteter Fehlerwert: Weiß=0.56/Schwarz=0.53 Ein unerwartetes Ergebnis.  Gewinn verpasst:   	Weiß=2     	---        Fehler:       	Weiß=2     	Schwarz=5     OK:         	Weiß=6     	Schwarz=3     Bester:       	---       	Schwarz=6     Stark:        	Weiß=1     	Schwarz=1     Brilliant:      	Weiß=1     	---} (29... Rxf5 $2 {ist das falsche Schlagen.} 30. Rxf5+ gxf5 31. Qxf5+ (31. Qg7+ Ke8 $18) 31... Ke8 (31... Kg8 $2 32. Qg5+ Kf7 33. Re1 $18) 32. Re1+ (32. Qxh7 Qc5+ 33. Kh1 Qxc3 $18) 32... Kd8 33. Qxh7 Qc5+ 34. Kh1 $18) 1/2-1/2

[Event "Braunfels SM 2025"]
[Site "?"]
[Date "2025.02.07"]
[Round "1"]
[Board "8"]
[White "Stelter, Matthias"]
[Black "Kriesch, Achim"]
[Result "1/2-1/2"]
[WhiteElo "1460"]
[BlackElo "1798"]
[PlyCount "41"]
[GameId "523221360989"]
[SourceVersionDate "2025.02.08"]

{[%evp 18,41,32,21,30,-2,3,4,46,39,66,-30,-43,-96,15,-24,12,12,46,-17,9,0,17,11,138,138]} 1. e4 c6 2. d4 d5 3. Nc3 dxe4 4. Nxe4 Nd7 5. Nf3 Ngf6 6. Bd3 Nxe4 7. Bxe4 Nf6 8. Bd3 Bg4 9. O-O e6 10. c3 Bd6 {B17: Caro-Kann-Verteidigung.} 11. Be2 Qc7 12. h3 h5 {[%eval 46,18]} 13. Bg5 (13. hxg4 hxg4 14. Re1 (14. Ne5 Bxe5 15. dxe5 Rd8 $19) 14... gxf3 15. Bxf3 O-O-O $15) 13... Bf5 $146 (13... O-O-O 14. Qc2 Kb8 15. Rfe1 Bf5 16. Bd3 Bxd3 17. Qxd3 Rd7 18. Ne5 Bxe5 19. Rxe5 Qxe5 20. dxe5 Rxd3 21. exf6 {0-1 Molera Valero,M-Sanchez Jerez,E (2033) Narciso Yepes Memorial Lorca 2004 (9)}) 14. Nd2 {[%eval -30,18]} (14. Bd3 $14 {[%eval 66,18]}) 14... Ng4 $11 {[%cal Od6e7]} 15. Bh4 {[%eval -96,19] [#]} (15. hxg4 $2 Bh2+ 16. Kh1 hxg4 $19) (15. Nc4 $15 {[%eval -43,18]}) 15... Nf6 {[%eval 15,18]} (15... g5 $1 $17 {[%eval -96,19] ...Lh2+ soll folgen} 16. Bxg5 (16. hxg4 $2 {verliert.} Bh2+ 17. Kh1 hxg4 $19) 16... Be7 17. Bxg4 (17. hxg4 hxg4 18. f4 Bxg5 $17) 17... hxg4 18. Bxe7 Kxe7) 16. Bg5 {[%eval -24,17]} (16. Nf3 {[%eval 15,18] verdient Beachtung.}) 16... O-O-O {[%eval 12,17]} (16... Nd5 $142 {[%eval -24,17]}) 17. Nc4 $36 {[%mdl 2048] Weiss hat Initiative.} Rdg8 18. Qa4 {[%eval -17,20]} (18. Nxd6+ $14 {[%eval 46,20]} Qxd6 19. Re1) 18... Ne4 19. Nxd6+ Qxd6 20. Be3 {Ein starkes Läuferpaar.} Kb8 {[%eval 138,17] [#]} (20... a6 $11 {[%eval 11,17]}) 21. d5 $1 {[%mdl 512] Gewichteter Fehlerwert: Weiß=0.33/Schwarz=0.44  Fehler:       	Weiß=4     	Schwarz=4     Ungenau:       	Weiß=1     	Schwarz=3     OK:         	Weiß=4     	Schwarz=2     Brilliant:      	Weiß=1     	---} 1/2-1/2

[Event "Braunfels SM 2025"]
[Site "?"]
[Date "2025.02.07"]
[Round "1"]
[Board "9"]
[White "van der Riet, Ernst"]
[Black "Stelter, Kai"]
[Result "0-1"]
[WhiteElo "1785"]
[BlackElo "1294"]
[PlyCount "84"]
[GameId "523220714921"]
[SourceVersionDate "2025.02.08"]

{[%evp 21,84,-3,0,-50,-17,-20,13,-41,22,22,33,27,32,27,38,52,50,14,12,-1,13,1,54,13,-2,5,23,2,15,-41,-36,-41,3,-29,-9,-476,-461,-688,-246,-219,-251,-237,-206,-206,-212,-211,-179,-230,-221,-243,-187,-192,-118,-249,-246,-256,-241,-433,-245,-237,-246,-256,-225,-387,-397]} 1. e4 e5 2. Nf3 Nc6 3. Bb5 a6 4. Ba4 Nf6 5. O-O Be7 6. Re1 b5 7. Bb3 O-O 8. d3 d6 9. a4 Bg4 10. c3 Rb8 11. Nbd2 b4 12. Bc2 $146 {[%eval -50,18] C90: Spanische Partie (Abweichungen von der Hauptvariante).} (12. h3 $11 {[%eval 0,17]} Bxf3 13. Nxf3) (12. h3 Bh5 13. g4 Bg6 14. Nh4 Kh8 15. Bc4 d5 16. Nxg6+ fxg6 17. exd5 Nxd5 18. Ne4 bxc3 19. bxc3 Na5 {½-½ Carlsen,M (2714)-Kamsky,G (2714) Moscow Tal Memorial 2nd 2007 (9)}) 12... h6 13. Nf1 Re8 14. Ng3 {[%eval -41,17]} (14. Ne3 $11 {[%eval 13,17]}) 14... Bf8 {[%eval 22,17]} (14... bxc3 $15 {[%eval -41,17]} 15. bxc3 d5) 15. h3 $11 Bd7 16. d4 bxc3 17. bxc3 exd4 18. cxd4 Nb4 19. Bb1 {[%eval 14,17]} (19. Bd2 $14 {[%eval 50,18]}) 19... c5 20. Bd2 cxd4 21. Nxd4 Nc6 {[%eval 54,17]} (21... g6 $11 {[%eval 1,17]}) 22. Ndf5 {[%eval 13,16]} (22. Nxc6 $1 $14 {[%eval 54,17]} Bxc6 23. Qc2) 22... d5 23. exd5 Rxe1+ 24. Qxe1 (24. Bxe1 $5 Nb4 25. d6 $14) 24... Nxd5 25. Qe4 {[%eval -41,19]} (25. Be4 $11 {[%eval 15,17]} Ncb4 26. Qd1) 25... Nf6 $15 26. Qe1 Bc5 {[%eval 3,17]} (26... Be6 $15 {[%eval -41,17] verdient Beachtung.}) 27. Be3 Bb4 28. Qe2 {[%eval -476,15][%mdl 8192] [#]} (28. Qc1 $11 {[%eval -9,18] und Weiss steht sicher.}) 28... Bc3 $19 29. Qa2 {[%eval -688,17]} (29. Bf4 $142 {[%eval -461,18]} Bxa1 30. Bxb8 Qxb8 31. Bd3) 29... Bxa1 $2 {[%eval -246,17]} (29... Be6 {[%eval -688,17]} 30. Qc2 Bxa1) 30. Qxa1 Bxf5 31. Bxf5 Ne7 32. Bc2 Ned5 33. Bd4 Rc8 34. Bf5 {[%eval -230,18]} (34. Bd3 {[%eval -179,18] kämpft weiter.}) 34... Rc6 35. Qb2 Ne7 36. Bb1 Rd6 {[%eval -118,20]} ({Besser ist} 36... Qc7 $19 {[%eval -192,19]} 37. Bd3 Ned5) 37. Bc3 {[%eval -249,20]} (37. Bxf6 $17 {[%eval -118,20]} Rd1+ (37... gxf6 $2 38. Kh2 $19) (37... Rxf6 38. Nh5 $11) 38. Kh2 gxf6 39. Ba2) 37... Rb6 38. Qc2 {Pariert Dd1+.} Rc6 39. Qb2 $2 {[%eval -433,21] [#]} (39. Ne2 {[%eval -241,20]}) 39... Qb6 {[%eval -245,22]} ({Viel schwächer ist} 39... Qd1+ 40. Nf1 $19) (39... Rxc3 $142 {[%eval -433,21]} 40. Qxc3 Qd1+ 41. Kh2 Qxb1) 40. Qxb6 Rxb6 41. Bd3 Nfd5 42. Bd4 {[%eval -387,21]} (42. Ba5 {[%eval -225,21]} Rc6 43. Bd2) 42... Rb4 {[%csl LRa4,LRd4] Gewichteter Fehlerwert: Weiß=0.64/Schwarz=0.44  Verlustzug:     	Weiß=1     	---        Fehler:       	Weiß=9     	Schwarz=6     Ungenau:       	Weiß=1     	Schwarz=2     OK:         	Weiß=9     	Schwarz=8     Bester:       	Weiß=1     	Schwarz=1} 0-1

[Event "Braunfels SM 2025"]
[Site "?"]
[Date "2025.02.07"]
[Round "1"]
[Board "10"]
[White "Zalewski, Ulrich"]
[Black "Maier, Dietrich"]
[Result "1-0"]
[WhiteElo "1747"]
[BlackElo "1215"]
[PlyCount "41"]
[GameId "523222876509"]
[SourceVersionDate "2025.02.08"]

{[%evp 9,41,60,58,61,58,58,125,93,172,121,113,54,96,92,108,111,121,96,94,98,201,199,239,233,277,408,290,395,544,461,1839,1840,29988,1777]} 1. e4 c5 2. Nf3 e6 3. Be2 d6 4. c4 Nc6 5. d4 cxd4 6. Nxd4 {B40: Sizilianisch (Klassisches System mit e7-e6).} Nf6 7. Nc3 g6 {[%eval 125,18]} (7... Be7 $14 {[%eval 58,19]}) 8. Be3 {Weiß steht besser.} Bg7 {[%eval 172,18]} (8... Be7 $16 {[%eval 93,17]}) 9. O-O {[%eval 121,19]} (9. Ndb5 $18 {[%eval 172,18]}) 9... O-O 10. Nb3 {[%eval 54,17]} ({Vorzuziehen ist} 10. Ndb5 $16 {[%eval 113,17]}) 10... e5 {[%eval 96,19]} (10... b6 $14 {[%eval 54,17]}) 11. f3 $146 ({Vorgänger:} 11. h3 Ne8 12. c5 Be6 13. cxd6 Bxb3 14. Qxb3 Nxd6 15. Bc5 b6 16. Ba3 {1-0 Bandeira,G-Costa,F (1517) Fortaleza Schoonenborch U1900 5th 2018 (2.8)}) 11... b6 12. Qd2 Ne8 13. Rad1 {Weiß steht deutlich aktiver. Die schwarzen Türme stehen passiv.} Be6 14. Nd5 {[%csl Od5] Starkes Feld Weiß (d5)} h6 {[%eval 201,18]} (14... Rc8 $16 {[%eval 98,17]}) 15. Bxh6 $18 Bxh6 {[%eval 239,14]} (15... Rc8 {[%eval 199,16] war einen Versuch wert.} 16. Bg5 Qd7) 16. Qxh6 {[%emt 0:00:02]} Rc8 17. f4 {[%cal Bf3f4,Bf4f5,Bf5f6][%mdl 32] [#] und f5 wäre nun die Entscheidung} Bxd5 18. exd5 ({Finger weg von} 18. cxd5 Nd4 $18) 18... Nb4 19. f5 g5 {[%eval 1839,19] Schwarz ist schwach auf den weissen Feldern} (19... Qf6 $142 {[%eval 461,18]} 20. Qd2 Nxa2 21. fxg6 (21. Ra1 gxf5 22. Rxa2 f4 $18) 21... Qxg6) 20. f6 e4 21. Rf5 {[%eval 1777,18] Gewichteter Fehlerwert: Weiß=0.26 (präzise) /Schwarz=0.99  Fehler:       	Weiß=2     	Schwarz=6     Ungenau:       	---       	Schwarz=2     OK:         	Weiß=4     	Schwarz=3     Bester:       	Weiß=1     	---} (21. Qxg5+ $142 {[%eval 32744,16]} Kh8 22. Rf4 Nxf6 23. Rxf6 Qxf6 24. Qxf6+ Kh7 25. Nd4 (25. Qxd6 Nc2 $18) 25... Rg8 26. Qh4+ (26. Qxf7+ Rg7 $18) 26... Kg7 27. Nf5+ (27. Qxe4 Rce8 $18) 27... Kg6 28. Qh6+ (28. Qxe4 Nxd5 29. Rxd5 Rce8 30. Qg4+ Kf6 31. Qd4+ Re5 32. Rxd6+ Kxf5 33. Qf2+ {[%mdl 64] Spiess} Kg5 34. h4#) 28... Kxf5 29. Rf1+ {[%mdl 64] Spiess} Ke5 30. Qf6#) 1-0

[Event "Braunfels SM 2025"]
[Site "?"]
[Date "2025.02.07"]
[Round "1"]
[Board "12"]
[White "Swoboda, Sebastian"]
[Black "Hilgert, Günter"]
[Result "1-0"]
[WhiteElo "1720"]
[BlackElo "883"]
[PlyCount "49"]
[GameId "523222032669"]
[SourceVersionDate "2025.02.08"]

{[%evp 9,49,179,171,161,171,158,171,94,200,214,368,398,467,483,527,536,548,527,551,518,518,507,542,542,532,547,759,625,918,803,829,842,1218,1189,1217,1195,1499,1258,1346,1329,29981,29982]} 1. d4 d5 2. Nf3 Bg4 3. c4 Nd7 4. cxd5 $146 (4. Nc3 Bxf3 5. exf3 g6 6. Bd3 Bg7 7. Ne2 e6 8. O-O Ne7 9. Re1 O-O 10. Bg5 Bf6 11. Bh6 Re8 12. f4 {0-1 Nameer,N (2257)-Gagunashvili,M (2578) IRQ CupT Duhok 2012 (2.1)}) 4... Ngf6 5. Nc3 e6 6. dxe6 {D02: Damenbauernspiele.} fxe6 7. h3 Bxf3 8. gxf3 {[%eval 94,17]} (8. exf3 $18 {[%eval 171,15] und Lc4 wäre nun die Entscheidung} Nd5 9. Bc4) 8... a6 {[%eval 200,19]} (8... c5 $16 {[%eval 94,17]}) 9. Qb3 $18 {[%csl LRb7,LRe6]} b6 $2 {[%eval 368,16] [#]} (9... Kf7 {[%eval 214,19]} 10. e4 (10. Qxb7 c5 $18) 10... b5) 10. Qxe6+ Be7 11. e4 Nf8 12. Qc6+ N8d7 13. e5 O-O 14. exf6 Rxf6 15. Qc4+ Kf8 16. Be3 b5 {[%cal Bb6b5,Bb5b4][%mdl 32]} 17. Qd3 b4 18. Nd5 Rxf3 19. Nxe7 Qxe7 20. Bg2 {[%cal Bf1g2,Bg2a8,Ba8c6][%mdl 32]} Rf7 21. Bxa8 g6 22. O-O-O Nb6 23. Bc6 Kg7 {Verhindert Lh6+} 24. Rhe1 Qe6 {[#]} 25. Bh6+ $1 {Gewichteter Fehlerwert: Weiß=0.11 (sehr präzise) /Schwarz=0.53  Fehler:       	Weiß=1     	Schwarz=2     Ungenau:       	---       	Schwarz=2     OK:         	Weiß=8     	Schwarz=4} 1-0

[Event "Braunfels SM 2025"]
[Site "?"]
[Date "2025.02.21"]
[Round "2"]
[Board "1"]
[White "Diehl, Andreas"]
[Black "Schneider, Christian"]
[Result "1-0"]
[WhiteElo "1948"]
[BlackElo "1579"]
[PlyCount "39"]
[GameId "524616476471"]
[SourceVersionDate "2025.02.08"]

{[%evp 17,39,122,117,51,52,-30,96,101,141,103,196,179,226,211,210,188,306,319,327,357,323,312,967,1001]} 1. c4 e5 2. Nc3 Nf6 3. g3 d5 4. cxd5 Nxd5 5. Bg2 Be6 6. Nf3 Nc6 7. O-O Bc5 8. Nxe5 Bxf2+ 9. Rxf2 Nxe5 10. Nxd5 {[%eval 51,16] A29: Englische Eröffnung (Vierspringer-Variante).} (10. Qb3 $16 {[%eval 117,18]} c6 11. Nxd5 (11. Qxb7 O-O $14) 11... cxd5 12. Qxb7) 10... Bxd5 $14 11. e4 $146 {[%eval -30,19]} (11. Qa4+ $1 $14 {[%eval 52,18]} c6 12. Rf5) (11. Rf5 f6 12. Qa4+ Bc6 13. Bxc6+ Nxc6 14. d3 Qd4+ 15. Qxd4 Nxd4 16. Rf2 Kf7 17. Bd2 Rhe8 {½-½ Ankudinova,E (2133)-Kerimov,T (1449) Pavlodar op 2017 (1)}) 11... Be6 {[%eval 96,21]} (11... Bc4 $1 $11 {[%eval -30,19] hält das Gleichgewicht.} 12. Qc2 (12. d4 Nd3 $15) 12... Qd4) 12. d4 $16 {Weiß steht besser.} Ng4 {[%eval 141,18]} ({Günstiger ist} 12... O-O {[%eval 101,19]}) 13. Rf1 {[%eval 103,19]} (13. Rf4 $142 {[%eval 141,18]}) 13... Qd6 {[%eval 196,18] [#]} (13... c6 $16 {[%eval 103,19]}) 14. h3 $1 $18 Nh6 15. Bf4 Qb6 16. Rf2 O-O-O {[%eval 306,18]} (16... O-O $142 {[%eval 188,17]} 17. d5 Bd7) 17. Rc1 {[%cal Ba1c1,Bc1c7,Bc7c8][%mdl 32]} Rxd4 18. Rxc7+ Kd8 19. Qc2 Bxa2 $2 {[%eval 967,15] [#]} (19... Re8 {[%eval 312,16]} 20. Kh2 Rd7) 20. Rc8+ {[%mdl 64] Spiess.   Gewichteter Fehlerwert: Weiß=0.27 (präzise) /Schwarz=0.98  Fehler:       	Weiß=2     	Schwarz=5     OK:         	Weiß=4     	Schwarz=2     Bester:       	Weiß=3     	Schwarz=1} 1-0

[Event "Braunfels SM 2025"]
[Site "?"]
[Date "2025.02.21"]
[Round "2"]
[Board "2"]
[White "Stelter, Kai"]
[Black "Hilgert, Felix"]
[Result "1/2-1/2"]
[WhiteElo "1294"]
[BlackElo "1840"]
[PlyCount "54"]
[GameId "524617943166"]
[SourceVersionDate "2025.02.08"]

{[%evp 17,54,21,44,17,29,24,25,16,12,21,9,22,22,17,25,23,58,22,38,20,57,60,47,63,65,59,59,0,0,-415,0,-104,-31,-42,-36,-41,-20,-32,-19]} 1. e4 c5 2. Nf3 Nc6 3. d4 cxd4 4. Nxd4 e5 5. Nb5 a6 6. Nd6+ Bxd6 7. Qxd6 Qe7 8. Qd1 d6 9. Nc3 Nf6 10. Bg5 {B32: Sizilianisch (Löwenthal-Variante).} Be6 11. Nd5 Bxd5 12. exd5 {Weiß hat minimalen Vorteil.} Nb8 13. c4 Nbd7 14. Be2 O-O 15. O-O h6 16. Be3 Nh7 17. f4 {[%eval 22,16]} (17. f3 $14 {[%eval 58,16]}) 17... f5 {[%cal Bf7f5,Bf5f4][%mdl 32]} 18. b4 {[%cal Oc4c5]} Rae8 $146 {[%eval 57,18]} (18... a5 $11 {[%eval 20,18] ist überlegen.}) (18... b6 19. Rc1 a5 20. bxa5 Rxa5 21. fxe5 Qxe5 22. Bd4 Qe7 23. Bd3 Rxa2 24. Bxf5 Qg5 {1-0 Kanakova,N (2061)-Fuskova,M (2040) CZE-ch U18/20 Girls Doksy 2015 (6)}) 19. Bd3 $14 exf4 20. Bxf4 g5 21. Bd2 {Weiß steht aktiver. Das Läuferpaar ist gut.} f4 22. Qh5 {[%eval 0,19]} (22. Qc2 $14 {[%eval 59,18]} Ne5 23. Bf5) 22... Qg7 $11 {und ...Dd4+ wäre nun die Entscheidung} 23. Rae1 $2 {[%eval -415,16][%mdl 8192]} (23. Bf5 $11 {[%eval 0,19] und Weiss muss sich keine Sorgen machen.}) 23... Nhf6 $2 {[%eval 0,19]} (23... Qd4+ $19 {[%eval -415,16]} 24. Rf2 Rxe1+ 25. Bxe1 Qxd3) 24. Qg6 {[%eval -104,22] [#]} (24. Qh3 $11 {[%eval 0,19]}) 24... Ne5 {[%eval -31,21]} ({Besser ist} 24... Qxg6 $1 $17 {[%eval -104,22]} 25. Bxg6 Rxe1 26. Rxe1 Ne5 27. Rxe5 dxe5) 25. Qxg7+ $1 $15 Kxg7 26. Be2 Rc8 27. Rc1 Ne4 {Gewichteter Fehlerwert: Weiß=0.55/Schwarz=0.42  Verlustzug:     	Weiß=1     	---        Gewinn verpasst:   	---       	Schwarz=1     Fehler:       	Weiß=3     	Schwarz=2     Ungenau:       	---       	Schwarz=1     OK:         	Weiß=8     	Schwarz=10    Stark:        	Weiß=1     	---} 1/2-1/2

[Event "Braunfels SM 2025"]
[Site "?"]
[Date "2025.02.21"]
[Round "2"]
[Board "4"]
[White "Scheuermann, Otto"]
[Black "Swoboda, Sebastian"]
[Result "0-1"]
[WhiteElo "1186"]
[BlackElo "1720"]
[PlyCount "84"]
[GameId "524619780038"]
[SourceVersionDate "2025.02.08"]

{[%evp 9,84,15,17,-36,-33,-67,-39,-39,-2,-11,-11,-64,-33,-39,-21,-18,-15,-95,-12,-156,-143,-138,-138,-235,-200,-243,-218,-242,-224,-246,-129,-211,-211,-259,-245,-298,-271,-292,-284,-310,-305,-294,-183,-629,-615,-628,-609,-638,-683,-983,-855,-1754,-1754,-1627,-1653,-1254,-846,-820,-773,-854,-756,-852,-696,-858,-810,-1079,-891,-916,-916,-981,-989,-1598,-1596,-2112,-2138,-29973,-29971]} 1. e4 c5 2. Nf3 a6 3. c3 d5 4. e5 d4 5. cxd4 cxd4 6. Qa4+ {[%eval -36,19] B28: Sizilianisch (Frühes a7-a6).} (6. Bd3 $11 {[%eval 17,19]}) 6... Nc6 $15 7. d3 Bg4 $146 (7... e6 8. Be2 Bc5 9. O-O Nge7 10. a3 Qd5 11. b4 b5 12. Qc2 Bb6 13. Bf4 Ng6 {1-0 Lucero,S (1592)-Doval,O (1673) Buenos Aires Rubinstein Memorial 26th 2016 (4)}) 8. Be2 {Schwarz steht etwas besser.} b5 {[%eval -2,19]} (8... e6 $15 {[%eval -39,19] scheint genauer.}) 9. Qb3 $11 {Sg5 wäre nun fies.} e6 10. Bf4 {[%eval -64,17]} (10. a4 $11 {[%eval -11,18]}) 10... Nge7 $15 {[%cal Bg8e7,Be7d5,Bd5f4,Bf4d3][%mdl 32]} 11. h3 Bh5 (11... Nd5 {wäre vielleicht verwirrender.} 12. Bg5 Be7 13. Bxe7 Qa5+) 12. O-O Nd5 13. Bg5 {[%eval -95,19]} (13. Bg3 $11 {[%eval -15,20] bleibt in der Remisbreite.}) 13... Qd7 {[%eval -12,18]} (13... Be7 $17 {[%eval -95,19]} 14. Bxe7 Qxe7 (14... Ndxe7 15. Nbd2 $11)) 14. a3 {[%eval -156,19] Ab hier gerät Weiß ins Schliddern.} (14. a4 $1 $11 {[%eval -12,18]}) 14... h6 $1 $36 {[%mdl 2048] Weiss steht unter starkem Druck.} 15. Bh4 {[#]} Nf4 $1 {Schwarz steht aktiver.} 16. Bd1 {[%eval -235,20]} (16. Re1 $17 {[%eval -138,20]}) 16... Rc8 $19 17. Bg3 Na5 18. Qa2 Nxd3 19. b4 {[#]} Nc4 {[%eval -129,18]} ({Vorzuziehen ist} 19... Bxf3 $1 $19 {[%eval -246,19]} 20. gxf3 Nc4) 20. Be2 {[%eval -211,21]} (20. Nbd2 $17 {[%eval -129,18]}) 20... Ndb2 {Weiss muss nun ...d3 beachten.} 21. Bxc4 Nxc4 22. Rd1 Bxf3 23. gxf3 Be7 24. Nc3 O-O 25. Rd3 Qa7 26. Rad1 $2 {[%eval -629,18]} (26. Ne2 {[%eval -183,20]}) 26... dxc3 27. Rxc3 Rfd8 28. Rxd8+ Rxd8 29. a4 Qd4 30. Rc2 Qd1+ 31. Kg2 Rd2 {( -> ...Se3+)} 32. Rxd2 Qxd2 33. Qb3 Bxb4 34. axb5 axb5 35. f4 Qb2 36. Qf3 Bf8 37. h4 Qd4 38. f5 Nxe5 39. Bxe5 Qxe5 40. fxe6 Qxe6 41. Qe3 Qxe3 42. fxe3 b4 {Gewichteter Fehlerwert: Weiß=0.80/Schwarz=0.59  Fehler:       	Weiß=6     	Schwarz=3     Ungenau:       	Weiß=1     	Schwarz=2     OK:         	Weiß=6     	Schwarz=8     Bester:       	Weiß=1     	Schwarz=3     Stark:        	---       	Schwarz=1} 0-1